| 000 | 01371nam a2200385 i 4500 | ||
|---|---|---|---|
| 001 | 195903 | ||
| 003 | ES-MaACL | ||
| 005 | 20250804062708.0 | ||
| 008 | 240802s2008 sp |||| |||| 0|0 f spa d | ||
| 017 |
_aDL B. 41985-2008, _bBiblioteca de Catalunya |
||
| 020 | _a9788492429516 | ||
| 035 | _aRebiun10396925 | ||
| 040 |
_aES-BaBC. _bcat. _cES-BaBC |
||
| 080 | _a850-3"20" | ||
| 100 | 0 |
_aMonaldi, Rita _982102 |
|
| 245 | 1 | 4 |
_aLas dudas de Salaì / _cMonaldi & Sorti ; traducción de César Palma. |
| 260 |
_aBarcelona : _bRoca, _c2008 |
||
| 300 |
_a349 p. ; _c24 cm |
||
| 336 |
_2rdacontent _atexto |
||
| 337 |
_2rdamedia _asin mediación |
||
| 338 |
_2rdacarrier _avolumen |
||
| 490 | 1 | _aHistórica | |
| 500 | _aCatalogación provisional. Signatura: N-9022. Depósito J. | ||
| 655 | 0 |
_aNovelas _9234319 |
|
| 700 | 1 |
_aSorti, Francesco _9237681 |
|
| 700 | 0 |
_aPalma, César _988608 |
|
| 830 |
_aHistórica _9239884 |
||
| 852 |
_aES-MaACL _bR. 152732 _cDEPOJ _jN-9022 _hDonación: José Lázaro García _xEncuadernación: Cartoné con sobrecubiertas _9204880 |
||
| 903 |
_9234219 _aLázaro García, José _ednr |
||
| 942 |
_cMONOGRAFIA _n0 |
||
| 954 | _iTatiana Alejandra de Castro Pérez | ||
| 999 |
_c195903 _d195903 |
||